| 000 | 00761pam a2200229 a 4500 | ||
|---|---|---|---|
| 008 | |||
| 020 | _a0415098297(pbk) | ||
| 049 | _aMAIN | ||
| 090 | _aLB2806.22DEV | ||
| 245 | 0 | 0 |
_aDeveloping quality systems in education / _cedited by Geoffrey D. Doherty. |
| 260 |
_aLondon ; _aNew York : _bRoutledge, _c1994. |
||
| 300 |
_axviii, 328 p. : _bill. ; _c24 cm. |
||
| 504 | _aIncludes bibliographical references and indexes. | ||
| 650 | 0 |
_aSchool management and organization _zGreat Britain. |
|
| 650 | 0 |
_aTotal quality management _zGreat Britain. |
|
| 700 | 1 | _aDoherty, Geoffrey D. | |
| 907 |
_a.b10024906 _b01-08-06 _c17-04-03 |
||
| 003 | |||
| 005 | 20230123134230.0 | ||
| 040 | _cNUST | ||
| 942 |
_cBOOKS _kLB2806.22DEV |
||
| 999 |
_c162329 _d162329 |
||